The management of large-scale remediation schemes with consideration to environmental management systems and sustainability (Record no. 74920)

MARC details
000 -LEADER
fixed length control field 01527cab a2200241 4500
001 - CONTROL NUMBER
control field ABS68829
008 - FIXED-LENGTH DATA ELEMENTS--GENERAL INFORMATION
fixed length control field 050315n2005 000 0 eng u
035 ## - SYSTEM CONTROL NUMBER
System control number (Sirsi) u129053
100 ## - MAIN ENTRY--PERSONAL NAME
Personal name Cross, M.
245 #4 - TITLE STATEMENT
Title The management of large-scale remediation schemes with consideration to environmental management systems and sustainability
260 ## - PUBLICATION, DISTRIBUTION, ETC.
Date of publication, distribution, etc. 2005
490 ## - SERIES STATEMENT
Series statement Civil Engineering Surveyor
Volume/sequential designation March 2005, 26-29(4)
520 ## - SUMMARY, ETC.
Summary, etc. Considers the implementation of waste minimisation methodologies for large scale remediation schemes, with cognisance of the best practicable environmental option for techniques employed on the scheme and driven by the introduction of environmental management systems for remediation schemes. Reviews the innovative solutions for reuse of remediation site materials developed over the last decade. Provides a range of case studies using alternative remedial solutions but concludes that on site reuse or minimisation of waste is not always driven by the remediation strategy/engineer but is usually based upon the most cost effective approach and client requirements. Offers a series of recommendations for remediation strategies. Presents a flowchart of alternative remedial solutions.
590 ## - LOCAL NOTE (RLIN)
Local note ABS
650 ## - SUBJECT ADDED ENTRY--TOPICAL TERM
Topical term or geographic name entry element REMEDIATION
650 ## - SUBJECT ADDED ENTRY--TOPICAL TERM
Topical term or geographic name entry element WASTE MINIMISATION
650 ## - SUBJECT ADDED ENTRY--TOPICAL TERM
Topical term or geographic name entry element CONTAMINATED LAND
650 ## - SUBJECT ADDED ENTRY--TOPICAL TERM
Topical term or geographic name entry element REMEDIAL METHODS
650 ## - SUBJECT ADDED ENTRY--TOPICAL TERM
Topical term or geographic name entry element ENVIRONMENTAL MANAGEMENT SYSTEMS
650 ## - SUBJECT ADDED ENTRY--TOPICAL TERM
Topical term or geographic name entry element BEST PRACTICAL ENVIRONMENTAL OPTION
690 ## - LOCAL SUBJECT ADDED ENTRY--TOPICAL TERM (OCLC, RLIN)
Topical term or geographic name as entry element ENVIRONMENT-CONTAMINATION
942 ## - ADDED ENTRY ELEMENTS (KOHA)
Suppress in OPAC 0
Holdings
Withdrawn status Lost status Source of classification or shelving scheme Damaged status Not for loan Home library Current library Shelving location Date acquired Total Checkouts Full call number Barcode Date last seen Copy number Price effective from Koha item type
    Dewey Decimal Classification     London London Journal article 15/03/2005   ABS68829 129053-1001 06/08/2019 1 06/08/2019 Journal article